00494nam a2200169Ia 4500020001800000082001800018100002200036245003000058260003900088300001400127504001900141650004200160650002800202650002800230650003300258650003300291 a81-7024-818-3 a330.954 MIS-; aMisra, Baidyanath 0aEconomic profile of India aNew DelhibA.P.H. Publishingc1997 aix, 221p. aIncludes index aPopulation - Economic aspects - India aIndia - Economic policy aSocial problems - India aEmployment (Economic theory) aEconomic development - India